000 00647cab a2200229 4500
001 ABS56664
008 090401t1997 xxu||||| |||| 00| 0 eng d
035 _a(Sirsi) u77577
041 _aeng
100 _aMaguire, J.
245 _aDesign and build with lower risks
260 _c1997
350 _a0
490 _aProperty Week
_v58(12) 28 March 1997, 15(1)
520 _aConsiders the advantages of Design and Build and advises the employer on how to get the most benefit from it.
650 _aADVANTAGES
650 _aDESIGN AND BUILD
650 _aEMPLOYERS
690 _aBUILT ENVIRONMENT
942 _n0
948 _c04/04/1997
999 _c48767
_d48767